000 00392nam a22001457a 4500
999 _c16336
_d16336
008 170313b xxu||||| |||| 00| 0 eng d
020 _a073908920
040 _aKABU
_cKABU
050 _aM22
_b.O53 C.1
245 _aSheet music selections from once
260 _aUSA
_bAfred music publidhing
300 _a76 p.
650 _aPiano music
942 _2lcc
_cBK
_hM22 .O53 C.1